000 00298nam a22001337a 4500
008 170816b xxu||||| |||| 00| 0 eng d
020 _a9780534379230
041 _aeng
080 _a51
100 _a36
101 _aMAT
245 _aSINGLE VARIABLE CALCULUS
_cSTEWART.J
942 _2udc
_cBK
999 _c23727
_d23727